skbl

Dr Suryya Kumar Bhuyan Library Web-OPAC
ডঃ সূৰ্য্য
কুমাৰ ভূঞা পুথিভঁৰাল ৱেব-অ'পেক

All Research Scholars are advised to clear the annual library fees to continue using Library Resources, Remote Access, Plagiarism Test and Library Clearance.

Cotton University Book Fair 2026

Financial Calculus: An Introduction to Derivative Pricing / (Record no. 3893)

MARC details
000 -LEADER
fixed length control field 00896nam a2200325Ia 4500
001 - CONTROL NUMBER
control field 3905
005 - DATE AND TIME OF LATEST TRANSACTION
control field 20240113233700.0
007 - PHYSICAL DESCRIPTION FIXED FIELD--GENERAL INFORMATION
fixed length control field ta
008 - FIXED-LENGTH DATA ELEMENTS--GENERAL INFORMATION
fixed length control field 050604s1996 g b000 u eng u
020 ## - INTERNATIONAL STANDARD BOOK NUMBER
International Standard Book Number 0-521-55289-3
040 ## - CATALOGING SOURCE
Original cataloging agency Cotton College,Assam
041 ## - LANGUAGE CODE
Language code of text/sound track or separate title eng
082 ## - DEWEY DECIMAL CLASSIFICATION NUMBER
Classification number 515.3
Item number Ba 33 Fi
100 ## - MAIN ENTRY--PERSONAL NAME
Personal name Baxter, Martin .
245 #0 - TITLE STATEMENT
Title Financial Calculus: An Introduction to Derivative Pricing /
Statement of responsibility, etc. Martin Baxter and Andrew Rennie.
Medium Textual Documents
250 ## - EDITION STATEMENT
Edition statement 1st ed. /
260 ## - PUBLICATION, DISTRIBUTION, ETC.
Place of publication, distribution, etc. London :
Name of publisher, distributor, etc. Cambridge University Press ,
Date of publication, distribution, etc. 1996.
300 ## - PHYSICAL DESCRIPTION
Extent ix, 233p. ;
Dimensions 23cm.
504 ## - BIBLIOGRAPHY, ETC. NOTE
Bibliography, etc. note Index
653 ## - INDEX TERM--UNCONTROLLED
Uncontrolled term Mathematics
653 ## - INDEX TERM--UNCONTROLLED
Uncontrolled term Calculus-Financial
653 ## - INDEX TERM--UNCONTROLLED
Uncontrolled term Financial Calculus
653 ## - INDEX TERM--UNCONTROLLED
Uncontrolled term PG-Mathematics
653 ## - INDEX TERM--UNCONTROLLED
Uncontrolled term G-Mathematics
700 ## - ADDED ENTRY--PERSONAL NAME
Personal name Rennie, Andrew .
942 ## - ADDED ENTRY ELEMENTS (KOHA)
Source of classification or shelving scheme Dewey Decimal Classification
Koha item type Books
Holdings
Withdrawn status Lost status Damaged status Not for loan Collection Home library Current library Date acquired Coded location qualifier Total checkouts Full call number Barcode Date last seen Copy number Price effective from Koha item type
          Dr. Suryya Kumar Bhuyan Library Dr. Suryya Kumar Bhuyan Library 01/02/2012 00000   515.3 Ba 33 Fi 189/Stat 13/01/2024 2 01/02/2012 Books
          Dr. Suryya Kumar Bhuyan Library Dr. Suryya Kumar Bhuyan Library 01/02/2012 00000   515.3 Ba 33 Fi 188/Stat 13/01/2024 1 01/02/2012 Books

Designed and Maintained by Team SKBL
©1901-2026

Powered by Koha